Текст томруулах:    
New colleges for new students (Бичлэгийн дугаар. 146039)
000 -УДИРДЛАГА
Удирдлага 00902nam a22003137a 4500
003 - ХЯНАЛТЫН ТОО ТОДОРХОЙЛОГЧ
Код MN-UlNUM
005 - БИЧИЛТ ХИЙСЭН ОГНОО
Тухайн бичилтийг бичсэн засварласан сүүлийн огноо 20251231105644.0
008 - ЕРӨНХИЙ МЭДЭЭЛЭЛ
Ерөнхий мэдээлэл 251231s1974 cau|b||| |||| 001 0 eng |
020 ## - ISBN
ISBN 0875891942
040 ## - БИЧЛЭГ ҮҮСГЭГЧ БАЙГУУЛЛАГА
Бичлэг үүсгэгч номын сангийн код МУИС-ийн номын сан
084 ## - ББК АНГИЛАЛ
Нэмэлт тусгалт Бусад
ББК ангилал 74.58
Зохиогчийн гурван тэмдэгт H 29
Мэдлэгийн ялгаа 74 - Боловсрол
100 1# - ЗОХИОГЧ
Зохиогчийн нэр Hall, Laurence.
245 10 - ҮНДСЭН ГАРЧИГ
Номын нэр New colleges for new students
Оролцогчдын тухай мэдээ [by] Laurence Hall and associates. Foreword by Frank Newman and Russell Edgerton.
250 ## - ДАХИН ХЭВЛЭЛТ
Дахин гаралтын дугаар [1st ed.]
260 ## - ГАРАЛТЫН МЭДЭЭ
Хэвлэгдсэн газар San Francisco,
Хэвлэлийн газар Jossey-Bass,
Хэвлэгдсэн он 1974.
300 ## - МАТЕРИАЛЫН ТОДОРХОЙЛОЛТ
хуудасны тоо xxi, 210 p.
Хэмжээ 24 cm.
500 ## - Тайлбар
Дансны дугаар БС 4790
546 ## - ХЭЛНИЙ ТУХАЙ МЭДЭЭ
Хэл Англи хэл дээр,
653 ## - Түлхүүр үг
Түлхүүр үг education, Higher
653 ## - Түлхүүр үг
Түлхүүр үг educational innovations
653 ## - Түлхүүр үг
Түлхүүр үг united States
740 ## - НОМЫН ГАРЧИГ
Гарчиг Blue-collar and rural youth
740 ## - НОМЫН ГАРЧИГ
Гарчиг The new adult learner
740 ## - НОМЫН ГАРЧИГ
Гарчиг Women
740 ## - НОМЫН ГАРЧИГ
Гарчиг Minority
942 ## - ЭЛЕМЕНТИЙН ТӨРӨЛ
Зүйлийн төрөл Ном